The White house papers of Harry L. Hopkins : An intimate history

সংরক্ষণ করুন:
গ্রন্থ-পঞ্জীর বিবরন
প্রধান লেখক: Sherwood, Robert E.
বিন্যাস: গ্রন্থ
ভাষা:Undetermined
প্রকাশিত: London Eyre & Spottiswoode 1948
বিষয়গুলি:
ট্যাগগুলো: ট্যাগ যুক্ত করুন
কোনো ট্যাগ নেই, প্রথমজন হিসাবে ট্যাগ করুন!
Thư viện lưu trữ: Trung tâm Học liệu Trường Đại học Cần Thơ
LEADER 00590nam a2200217Ia 4500
001 CTU_88716
008 210402s9999 xx 000 0 und d
082 |a 973.917 
082 |b S554 
100 |a Sherwood, Robert E. 
245 4 |a The White house papers of Harry L. Hopkins : 
245 3 |b An intimate history 
245 0 |c Robert E. Sherwood 
260 |a London 
260 |b Eyre & Spottiswoode 
260 |c 1948 
650 |a World War 
650 |y 1939-1945 
650 |z United States 
904 |i Bằng,Hải 
980 |a Trung tâm Học liệu Trường Đại học Cần Thơ